Tepelný výpočet procesu varenia piva
Uložené v:
| Hlavný autor: | |
|---|---|
| Ďalší autori: | |
| Médium: | Rukopis Kniha |
| Jazyk: | Slovak |
| Vydavateľské údaje: |
2022
|
| Predmet: | |
| On-line prístup: | http://is.stuba.sk/zp/portal_zp.pl?podrobnosti=171663 |
| Tagy: |
Žiadne tagy, Buďte prvý, kto otaguje tento záznam!
|
MARC
| LEADER | 00000ntm a22000003a 4500 | ||
|---|---|---|---|
| 001 | stuzp87831 | ||
| 003 | SK-STU | ||
| 005 | 20220611211223.3 | ||
| 007 | ta | ||
| 008 | 150427s2015----xo-----f-mn---000-0-slo-d | ||
| 040 | |a STU |b slo | ||
| 041 | 0 | |a slo | |
| 100 | 1 | |a Tekeľ, Michal |u 020040 |4 aut |U SjF Strojnícka fakulta |T SjF Ústav procesného inžinierstva |X 104939 |U J0040 |Y 807 |7 104939 | |
| 242 | 0 | 1 | |a Thermal calculation of the brewing process |y eng |
| 245 | 1 | 0 | |a Tepelný výpočet procesu varenia piva |
| 260 | |c 2022 | ||
| 650 | 4 | |a pivo |2 slo | |
| 650 | 4 | |a proces varenia piva |2 slo | |
| 650 | 4 | |a prestup tepla |2 slo | |
| 650 | 4 | |a pivovar |2 slo | |
| 650 | 4 | |a tepelný výpočet |2 slo | |
| 650 | 4 | |a beer |2 eng | |
| 650 | 4 | |a brewing process |2 eng | |
| 650 | 4 | |a brewery |2 eng | |
| 650 | 4 | |a thermal calculation |2 eng | |
| 650 | 4 | |a heat transfer |2 eng | |
| 700 | 1 | |a Peciar, Peter |u 020040 |k Z1 |4 ths |U SjF Strojnícka fakulta |T SjF Ústav procesného inžinierstva |X 41013 |U J0040 |Y 807 |7 A000041013 | |
| 856 | 4 | |u http://is.stuba.sk/zp/portal_zp.pl?podrobnosti=171663 | |
| 996 | |b 284J046897 |c J* 3397/DBP |l JJSK |s A |a 24 |w stuzp87831_0001 | ||